000 00387nam a2200145Ia 4500
999 _c7302
_d7302
020 _a9780195669763
082 _a320.954 OXF-
245 0 _aOxford companion to politics in India
260 _aNew Delhi
_bOxford University Press
_c2010
300 _axxvi, 618
650 _aIndia
_vPolitics and government
700 _aMehta, Pratap Bhanu
700 _aJayal, Niraja Gopal
942 _cBK